| 000 | 00560nam a22001817a 4500 | ||
|---|---|---|---|
| 005 | 20231130065325.0 | ||
| 008 | 231130b |||||||| |||| 00| 0 eng d | ||
| 020 | _a0409060666 ; 0409060674 | ||
| 041 | _aAfrikaans | ||
| 082 | _a340 VAN | ||
| 100 |
_aVan Zyl, DH _lAfrikaans |
||
| 245 |
_aBeginsels van Regsvergelyking / _cDH Van Zyl |
||
| 250 | _aEerste Uitgawe | ||
| 260 |
_aDurban : _bButterworth en Kie (Edms) Bpk, _c1981 |
||
| 300 |
_bviii, 320 pages ; _c26 cm. |
||
| 650 |
_aLegal practice _bLaw |
||
| 942 |
_cBK _6ALISON_BN_VRIES |
||
| 999 |
_c1069 _d1069 |
||